Detalles MARC
| 000 -LÍDER |
| Campo fijo de descripción fija |
01857cam a2200433 i 4500 |
| 001 - NÚMERO DE CONTROL |
| Campo de control |
768714001 |
| 003 - IDENTIFICADOR DEL NÚMERO DE CONTROL |
| Campo de control |
CO-MdFUSB |
| 005 - FECHA Y HORA DE LA ULTIMA TRANSACCIÓN |
| control field |
20180622170021.0 |
| 008 - ELEMENTOS DE LONGITUD FIJA -- INFORMACIÓN GENERAL |
| Campo fijo de descripción fija -- Información general |
100415s2010 sp a | |||| 001 0 spa |
| 017 ## - COPYRIGHT OR LEGAL DEPOSIT NUMBER |
| Copyright or legal deposit number |
M 11067-2010 |
| Assigning agency |
Oficina Depósito Legal Madrid |
| 020 ## - NÚMERO INTERNACIONAL NORMALIZADO PARA LIBROS |
| Número Internacional Normalizado del libro |
9788422014782 |
| 040 ## - FUENTE DE CATALOGACIÓN |
| Agencia de catalogación original |
SpMaBN |
| Idioma de catalogación |
spa |
| Agencia que realiza la transcripción |
CO-MdFUSB |
| Convenciones de la descripción |
rda |
| Agencia que realiza la modificación |
CO-MdFUSBC |
| 041 ## - CÓDIGO DE IDIOMA |
| Código de idioma para texto/pista de sonido o título separado |
spa |
| 080 ## - UNIVERSAL DECIMAL CLASSIFICATION NUMBER |
| Universal Decimal Classification number |
575.8:28 |
| 080 ## - UNIVERSAL DECIMAL CLASSIFICATION NUMBER |
| Universal Decimal Classification number |
929(100)"18":282 |
| 082 ## - NÚMERO DE CLASIFICACIÓN DECIMAL DEWEY |
| Número de la edición del Dewey |
24 |
| Número de clasificación |
261.55 |
| Clave de autor-Numero de item |
AR791s |
| 100 1# - ASIENTO PRINCIPAL--NOMBRE PERSONAL |
| Nombre personal |
Artigas, Mariano |
| Fechas asociadas con el nombre |
1938-2006 |
| Término relacionador |
autor |
| 240 ## - TITULO UNIFORME |
| Título uniforme |
<a href="Negotiating Darwin. The Vatican Confronts Evolution, 1877-1902">Negotiating Darwin. The Vatican Confronts Evolution, 1877-1902</a> |
| 245 10 - TÍTULO |
| Título del Material |
Seis católicos evolucionistas |
| Parte restante del título - Subtitulo |
: el Vaticano frente a la evolución (1877-1902) |
| Mención de responsabilidad, etc. |
/ Mariano Artigas, Thomas F. Glick, Rafael A. Martínez |
| 264 #1 - PRODUCCIÓN, PUBLICACIÓN, DISTRIBUCIÓN, MANUFACTURA, Y COPYRIGHT |
| Lugar de producción, publicación, distribución, manufactura |
Madrid : |
| Nombre del productor, publicador, distribuidor |
Biblioteca de Autores Cristianos, |
| Fecha de producción, publicación, distribución, manufactura, o copyright |
[2010] |
| 264 #4 - PRODUCCIÓN, PUBLICACIÓN, DISTRIBUCIÓN, MANUFACTURA, Y COPYRIGHT |
| Fecha de producción, publicación, distribución, manufactura, o copyright |
©2010 |
| 300 ## - DESCRIPCIÓN FÍSICA |
| Extensión |
XXXII, 406 p. |
| Otros detalles físicos |
: ilustraciones. |
| Dimensiones |
21 cm. |
| 336 ## - TIPO DE CONTENIDO |
| Fuente |
rdacontent |
| Término de tipo de contenido |
|
| Código de tipo de contenido |
|
| 337 ## - TIPO DE MEDIO |
| Fuente |
rdamedia |
| Nombre del tipo de medio |
|
| Código del tipo de medio |
|
| 338 ## - TIPO DE SOPORTE |
| Fuente |
rdacarrier |
| Nombre del tipo de soporte |
|
| Código Tipo de soporte |
|
| 490 0# - MENCIÓN DE SERIE |
| Mención de serie |
Estudios y ensayos |
| -- |
Historia |
| 504 ## - NOTA DE BIBLIOGRAFÍA, ETC. |
| Nota de bibliografía, etc |
Bibliografía: páginas: [XXI]-XXXII, e índice |
| 505 ## - NOTA DE CONTENIDO |
| Nota de contenido con formato preestablecido |
Nuevos documentos -- Un decreto ineficaz: Raffaello Caverni -- Retractación en París: Dalmace Leroy -- Americanismo y evolucionismo: John A. Zahm -- ¿Condenado por evolucionista? Geramia Bonomelli. -- "Las erróneas informaciones de un inglés": John C. Hedley -- Felicidad en el infierno: St. George J. Mivart. |
| 534 ## - NOTA DE VERSION ORIGINAL |
| Publicación, distribución, etc. del original |
Negotiating Darwin. The Vatican Confronts Evolution, 1877-1902 |
| Frase introductoria |
Título original: |
| 563 ## - NOTA DE ENCUADERNACIÓN |
| Nota de encuadernación |
rústico |
| 650 #7 - ASIENTO SECUNDARIO DE MATERIA - TERMINO TEMÁTICO |
| Término temático o nombre geográfico como elemento de entrada |
Evolucionismo |
| Subdivisión general |
Aspectos religiosos |
| -- |
Iglesia Católica |
| Fuente del encabezamiento o término |
embne |
| 650 #7 - ASIENTO SECUNDARIO DE MATERIA - TERMINO TEMÁTICO |
| Término temático o nombre geográfico como elemento de entrada |
Católicos |
| Subdivisión general |
Biografías |
| Fuente del encabezamiento o término |
embne |
| 700 1# - ASIENTO SECUNDARIO - NOMBRE PERSONAL |
| Nombre personal |
Glick, Thomas F. |
| Responsabilidad |
autor |
| 700 1# - ASIENTO SECUNDARIO - NOMBRE PERSONAL |
| Nombre personal |
Martínez, Rafael A. |
| Responsabilidad |
autor |
| -- |
traductor |
| 942 ## - TIPO DE MATERIAL (KOHA) |
| Tipo de Item KOHA |
Libros General |
| 956 ## - LOCAL ELECTRONIC LOCATION AND ACCESS (OCLC) |
| Host name |
2 |